| 000 | 005690000a22001810004500 | ||
|---|---|---|---|
| 090 |
_aAR _b00368 |
||
| 245 | 1 | 0 | _aManatee population in blue spring, volusia country, Florida |
| 650 | 1 | 4 |
_aMamíferos acuáticos _993274 |
| 650 | 1 | 4 |
_aEcología de poblaciones _93557 |
| 650 | 1 | 4 |
_aDistribución geográfica _992997 |
| 651 | 4 |
_dFlorida _pEstados Unidos _992749 |
|
| 653 |
_gTrichechus _eTrichechus manatus _vManati |
||
| 041 | 0 | _aInglés | |
| 700 | 1 |
_aWaldron, John C. _993292 |
|
| 100 | 1 |
_aPowell, James A. _993288 |
|
| 942 | _cARTICULO | ||
| 773 | 1 |
_tPreprint _33 _q41-51 _d1980? |
|
| 999 |
_c9466 _d9466 |
||